The Philippine War, 1899-1902 (Registro nro. 40510)

Detalles MARC
000 -ENCABEZADO
Número de control [NR] 00762nam a2200217Ia 4500
008 - DE LONGITUD FIJA DE DATOS DE ELEMENTOS - INFORMACIÓN GENERAL
Elementos de longitud fija [NR] 130821s2000 xxu gr eng
020 ## - NUMERO INTERNACIONAL NORMALIZADO PARA LIBROS [R]
Número Internacional Normalizado del libro [NR] 9780700612253
040 ## - FUENTE DE CATALOGACION [NR]
Agencia de catalogación original [NR] Co-BoUCM
Idioma de catalogación [NR] spa
041 00 - CODIGO DE IDIOMA [R]
Código de idioma para texto/pista de sonido o título separado [R] Inglés
100 1# - ASIENTO PRINCIPAL--NOMBRE PERSONAL [NR]
Nombre personal [NR] Linn, Brian McAllister.
ID Autoridad 160673
245 14 - MENCION DE TITULO [NR]
Título [NR] The Philippine War, 1899-1902
Mención de responsabilidad, etc. [NR] Brian McAllister Linn
260 ## - PUBLICACION, DISTRIBUCION, ETC. (PIE DE IMPRENTA) [R]
Lugar de publicación, distribución, etc. [R] Lawrence (Kansas, Estados Unidos)
Nombre del editor, distribuidor, etc. [R] University Press of Kansas
Fecha de publicación, distribución, etc. [R] 2000
300 ## - DESCRIPCION FISICA [R]
Extensión [R] xiv, 427 páginas
490 #0 - MENCION DE SERIE [R]
Mención de serie [R] Modern war studies
504 ## - NOTA DE BIBLIOGRAFIA, ETC. [R]
Nota de bibliografía, etc. [NR]
650 04 - ASIENTO SECUNDARIO DE MATERIA - TERMINO TEMATICO [R]
Término temático o nombre geográfico como elemento de entrada [NR] Historia de Asia
9 (RLIN) 26507
651 #4 - ASIENTO SECUNDARIO DE MATERIA - NOMBRE GEOGRAFICO [R]
Nombre geográfico [NR] Filipinas
Subdivisión general [R] Historia
Subdivisión cronológica [R] Siglos XIX-XX
9 (RLIN) 26961
651 #4 - ASIENTO SECUNDARIO DE MATERIA - NOMBRE GEOGRAFICO [R]
Nombre geográfico [NR] Filipinas
Subdivisión general [R] Política y gobierno
9 (RLIN) 89126
942 ## - ELEMENTOS DE ENTRADA AGREGADOS (KOHA)
Tipo de ítem principal el descrito en 300a Libro
Tema principal Historia
Edición 1
Parte restante de la signatura top. L758
Sistema de clasificación DEWEY
Clasificación 959.9031
Existencias
Fecha de último préstamo Total préstamos Signatura topográfica Código de barras Última vez visto Ejemplar Price effective from Tipo de ítem Perdido Sistema de clasificación Dañado No prestable Tipo de ítem específico Suprimido Ubicación habitual Ubicación actual Localización Fecha de creación Forma de adquisición Costo
17/03/2017 1 959.9031 L758 100129011 10/12/2025 Ej.1 03/02/2013 Libro   DEWEY     Libro   Claustro Claustro 2do piso 28/02/2013 Compra 25500.00